000 00414nam a2200181Ia 4500
001 15379
005 20260306170152.0
008 260306t2000||||xx |||||||||||||| ||und||
041 _aESP
082 _a537
_bC73
100 _aCogdell, J.R.
_eAUT
245 0 _aFundamentos de electrónica
260 _c2000
300 _aix, 420 páginas :
_c
650 _aGEN
654 _aCCN
942 _cLIB
_dJUS
_fJUS
_2ddc
_n
999 _c15379
_d15379